00400nam a2200121Ia 4500008004100000041000800041082001700049100001200066245013400078260003000212300001900242999001700261241015s9999 xx 000 0 und d aeng a658.4033 TON aWu Tong aLarge-Scale Group Decision-Making With Uncertain And Behavioral Considerations: Methods And Applications Methods And Applications bSpringeraSingaporec2023 a361;. P. 23 cm c41681d41681